| 000 | 00501nam a22001817a 4500 | ||
|---|---|---|---|
| 003 | OSt | ||
| 008 | 250801b |||||||| |||| 00| 0 eng d | ||
| 020 | _a9788189059170 | ||
| 082 | _a741.5954 VYB | ||
| 100 | _aVYAM, Durgabai and VYAM, Subhash | ||
| 245 | _aBhimayana: Experiences of Untouchability | ||
| 250 | _a1st. ed. | ||
| 260 |
_aNew Delhi, _bNavayana Publishing Pvt. Ltd., _c2011, |
||
| 300 | _a104 p. | ||
| 650 | _aEnglish | ||
| 700 | _aNATARAJAN, Srividya and ANAND, S. | ||
| 942 |
_2ddc _cBK |
||
| 999 |
_c13684 _d13684 |
||